Μην πας ποτέ στην Καζαμπλάνκα

Αποθηκεύτηκε σε:
Λεπτομέρειες βιβλιογραφικής εγγραφής
Κύριος συγγραφέας: Laurie, Hugh, 1959-
Μορφή: Βιβλίο
Γλώσσα:Greek
English
Δημοσίευση: Αθήνα : Opera, 2011.
Θέματα:
Ετικέτες: Προσθήκη ετικέτας
Δεν υπάρχουν, Καταχωρήστε ετικέτα πρώτοι!

MARC

LEADER 00000cam a2200000 a 4500
001 1/122861
008 210409s2011####gr | ||| |||| ||gre||
020 |a 9789608397408 
040 |a GR-MyUa  |b gre  |c GR-MyUa  |e AACR2 
041 1 |a gre  |h eng 
082 7 |a 823   |2 (23) 
100 1 |a Laurie, Hugh,   |d 1959- 
245 1 0 |a Μην πας ποτέ στην Καζαμπλάνκα /   |c Χιου Λόρι ; μετάφραση Μαρία Αγγελίδου. 
260 |a Αθήνα :   |b Opera,   |c 2011. 
300 |a 458 σ. ;   |c 21 εκ. 
500 |a Τίτλος πρωτοτύπου: The gun seller. 
650 0 |a English fiction 
852 |a INST  |b SYROS  |e 20210409  |h 823 LAU  |p 005500014299  |q 005500014299  |t BK  |y 0 
970 |a Κοντού  |b Παρασκευή  |z 09/04/2021